000 00354nam a2200145Ia 4500
008 231217s9999 xx 000 0 und d
041 _aEnglish
082 _a575.12 LEW1;1 R
100 _aLewin, Benjamin
245 0 _aGenes VIII
260 _c2004
_bPearson/Prentice Hall
_aNew Jersey
300 _axxi+1027
650 _aGenes,VIII
942 _cAA
999 _c171750
_d171750